000 00452ntaaa2200181 4500
003 01
005 20251027202108.0
008 0714s1973 ag 01
040 _aAR-BaBN
_bspa
_cAR-BaBN
_eaacr
_dRIC
082 _a252.0200 B84
100 _aBryant, Al
_916408
245 _a1000 new illustrations
250 _a1 ed.
260 _aGrand Rapids :
_bZondervan Publishing House,
_c1960
300 _a254 p
650 _ailustraciones
_914546
942 _cBK
999 _c15808
_d15808